000 00498nab a2200145Ia 4500
003 ES-SlBCS
005 20210601124325.0
008 140529s1994 xxu||||| |||| 00| 0 eng d
041 _aeng
100 1 _aMclaren, Peter
_9139533
245 0 0 _aCritical Pedagogy, Political agency, and the Pragmatic of Justice: The Case of Lyotard
_c Peter Mclaren
600 1 _aPedagogía Crítica-Lyotard, Jean
_9139744
773 0 _tEducational Theory
_gvol. 44, nº. 3, 1994, págs. 319-340
_wRev1399
942 _cAR
999 _c512946
_d512946